000 01514nam a2200217Ia 4500
003 Ost
005 20260507075113.0
008 260507s9999||||xx |||||||||||||| ||und||
040 _cfsecg
041 _aara
082 _a330
100 _aبن بيه، الشيخ عبد الله بن الشيخ المحفوظ
_eمؤلف
245 0 _aتوضيح أوجه اختلاف الأقوال في مسائل من معاملات الأموال /
_c الشيخ عبد الله بن الشيخ المحفوظ بن بيه
260 _aبيروت:
_bدار ابن حزم للطباعة والنشر,
_c1998
300 _a240 صفحة؛
_c24 سم
504 _aببليوغرافيا:ص.5-6
520 _aالإيجار الذي ينتهي بالتمليك،موقف المؤجر من تصرفات المستأجر غير الجائزة شرعا،المشاركة في شركات أصل نشاطها حلال إلا أنها تتعامل بالحرام،التعامل مع شركات تقوم بأعمال مشروعة وتتعامل مع البنوك بالفوائد،أحكام النقود الورقية و تغير قيمة العملة،تبرئة الذمة في مسألة الربا الملمة،التعويض عن الضرر الناتج عن تأخير سداد الديون المستحقة،حكم الشرع في تعديل ما ترتب بذمة المدين للدائن في حالة التضخم
653 _aالاقتصاد
653 _aالاقتصاد الاسلامي
942 _cكتاب
999 _c42942
_d42942